| 000 | 006870000a22002410004500 | ||
|---|---|---|---|
| 001 | 13709282 | ||
| 005 | 20191010095559.0 | ||
| 008 | 040902s2006 maua 001 0 eng | ||
| 010 | _a 2004058751 | ||
| 020 | _a9698680055 (pbk.) | ||
| 050 | 0 | 0 |
_aTA405 _b.B39 2006 |
| 082 |
_a004 _bKEL |
||
| 100 | _aKella, M.K. | ||
| 245 |
_aCompuPedia : _bThe Art of Living With Computer Technology / _cM.K.Kella...[et. al.] |
||
| 260 |
_aHyderabad : _bNaseem Book Depot, _c2003. |
||
| 300 |
_axxii, 744p : _bill. ; _c24 cm. |
||
| 504 | _aIncludes index. | ||
| 650 | 0 | _aCompuPedia | |
| 650 | 0 | _aComputer Technology | |
| 700 | 1 | _aB.S. Chowdhry | |
| 700 | 1 | _aA.Q.K. Rajput | |
| 700 | 1 | _aA.R. Memon | |
| 999 |
_c65662 _d65659 |
||